| LEADER | 00407cam a2200157 7i4500 | ||
|---|---|---|---|
| 001 | 0000004030 | ||
| 005 | 19991025090000.0 | ||
| 002 | ##000005475 | ||
| 020 | 0 | 0 | |a 0-00-433625-9 |
| 090 | 0 | 0 | |a R 443 |b COH |
| 245 | 0 | 0 | |a Collins business French.. |
| 260 | 0 | 0 | |a London: |b HarperCollins 1992, |c [1992]. |
| 300 | 0 | 0 | |a 274 p.. |
| 650 | 0 | 0 | |a Business |
| 651 | 0 | 0 | |a France |
| 999 | |a 0000006164 |b Book |c Open shelf |e Business Information Centre | ||


